000 00417nam a22001217a 4500
020 _a082144757
082 _222
_a332.67314
100 _aPfefermann Guy p ; Kisunka Gregory V and suminki, mariusz A.
245 _aTrends in Private investment in developing centries : statisics /
260 _aWashigtone the world Bank,
_bWashigtone the world Bank,
_cc1999
300 _aVii, 46 p, ;
_bNA
_c24cm.
942 _2ddc
_cGEN
_01
999 _c3554
_d3554